Hướng dẫn chẩn đoán và điều trị bệnh nội khoa Cẩm nang nghiệp vụ của bác sĩ lâm sàng

Cuốn sách bao gồm 203 hướng dẫn chẩn đoán và điều trị các bệnh thường gặp trên nhiều lĩnh vực nội khoa. Cuốn sách có nhiều kiến thức mới, với kinh nghiệm quý báu của các Thầy thuốc đầu ngành công tác tại Bệnh viện Bạch Mai...

Descripción completa

Guardado en:
Detalles Bibliográficos
Autor principal: Nguyễn Quốc Anh (Chủ biên)
Otros Autores: Ngô Quý Châu (Chủ biên)
Formato: Libro
Lenguaje:Vietnamese
Publicado: H. Y học 2017
Edición:Tái bản lần thứ 2 có sữa chữa
Materias:
Etiquetas: Agregar Etiqueta
Sin Etiquetas, Sea el primero en etiquetar este registro!
Thư viện lưu trữ: Thư viện Trường Đại học Nam Cần Thơ
LEADER 01993nam a22002777a 4500
001 NCT_28337
008 180410b xxu||||| |||| 00| 0 vie d
999 |c 1360  |d 1360 
020 |a 9786046625612  |c 450000 
082 0 4 |2 23rd ed.  |a 616  |b A100 
100 1 |a Nguyễn Quốc Anh  |e Chủ biên 
245 1 0 |a Hướng dẫn chẩn đoán và điều trị bệnh nội khoa  |b Cẩm nang nghiệp vụ của bác sĩ lâm sàng  |c Nguyễn Quốc Anh (chủ biên) 
250 |a Tái bản lần thứ 2 có sữa chữa 
260 |a H.  |b Y học  |c 2017 
300 |a 798 tr.  |b Minh họa  |c 27cm 
500 |a ĐTTS ghi: Bộ Y Tế - Bệnh viện Bạch Mai 
520 |a Cuốn sách bao gồm 203 hướng dẫn chẩn đoán và điều trị các bệnh thường gặp trên nhiều lĩnh vực nội khoa. Cuốn sách có nhiều kiến thức mới, với kinh nghiệm quý báu của các Thầy thuốc đầu ngành công tác tại Bệnh viện Bạch Mai 
653 |a Y đa khoa 
700 1 |a Ngô Quý Châu  |e Chủ biên 
942 |2 ddc  |c BK 
952 |0 0  |1 0  |2 ddc  |4 0  |6 616_000000000000000_A100  |7 0  |9 6745  |a 000001  |b 000001  |d 2018-04-10  |o 616 A100  |p MD.11443  |r 2018-04-10  |v 450000.00  |w 2018-04-10  |y BK 
952 |0 0  |1 0  |2 ddc  |4 0  |6 616_000000000000000_A100  |7 0  |9 6746  |a 000001  |b 000001  |d 2018-04-10  |o 616 A100  |p MD.11420  |r 2018-04-10  |v 450000.00  |w 2018-04-10  |y BK 
952 |0 0  |1 0  |2 ddc  |4 0  |6 616_000000000000000_A100  |7 0  |9 6747  |a 000001  |b 000001  |d 2018-04-10  |o 616 A100  |p MD.10969  |r 2018-04-10  |v 450000.00  |w 2018-04-10  |y BK 
952 |0 0  |1 0  |2 ddc  |4 0  |6 616_000000000000000_A100  |7 0  |9 8053  |a 000001  |b 000001  |d 2018-05-10  |o 616 A100  |p MD.10383  |r 2018-05-10  |v 450000.00  |w 2018-05-10  |y BK 
952 |0 0  |1 0  |2 ddc  |4 0  |6 616_000000000000000_A100  |7 0  |9 8054  |a 000001  |b 000001  |d 2018-05-10  |l 1  |o 616 A100  |p MD.10384  |r 2018-10-01  |s 2018-09-28  |v 450000.00  |w 2018-05-10  |y BK 
980 |a Thư viện Trường Đại học Nam Cần Thơ